• 首页
  • 本馆介绍
  • 公告通知
  • 最新文献
  • 馆藏检索
  • 电子资源
  • 读者导购
  • 参考咨询
  • 我的图书馆
  • 登录
  • 详细信息显示
  • 放入我的书架
  • 预约/预借图书
  • 作者相关作品
  • 分类相关作品
  • 丛书相关作品
  • 出版社相关作品

书目信息

  • 表格格式
  • 工作单格式
  • 卡片格式
题名:
哲学入门
    
 
作者: 叶汝贤 编写
分册:  
出版信息: 长春   吉林人民出版社  1980
页数: 147页
开本: 19cm
丛书名:
单 册:
中图分类: B01
科图分类:
主题词: 哲学基本问题
电子资源:
ISBN:
000 00590nam0 2200229 45
001 0182006131
005 20060724085651.87
010    @dCNY0.35
091    @a2091.28
100    @a19950619d1980 em y0chiy0121 ea
101 0  @achi
102    @aCN@b220000
105    @ay z 000yy
200 10 @a哲学入门@Azhe xue ru men@f叶汝贤等编写@Fye ru xian deng bian xie
210    @a长春@c吉林人民出版社@d1980
215    @a147页@d19cm
606 0  @a哲学基本问题
690    @aB01@v3
701  0 @a叶汝贤@4编写
801  2 @aCN@bNLC@c20060724
801  0 @aCN@b上海图书馆@c20031224
905    @dB01@e164
    
    哲学入门/叶汝贤等编写.-长春:吉林人民出版社,1980
    147页;19cm
    
    
    ISBN :CNY0.35
    
●
相关链接 在E读中查询图书 在五车中查询图书 在当当中查询图书 在豆瓣中查询图书


正题名:哲学入门     索取号:B01/164         预约/预借

序号 登录号 条形码 馆藏地/架位号 状态 备注
1 0068343   001389900   密集书库/ [索取号:B01/164] 在馆    
2 0068344   001389857   密集书库/ [索取号:B01/164] 在馆    
3 0068345   001389893   密集书库/ [索取号:B01/164] 在馆    
4 0068346   202182565   密集书库/ [索取号:B01/164] 在馆    
5 0068347   001389866   密集书库/ [索取号:B01/164] 在馆    
6 0077690   001391354   密集书库/ [索取号:B01/164] 在馆    
7 0077691   001389919   第一样本阅览室/ [索取号:B01/164] 在馆    
唐山师范学院图书馆 欢迎您!
大连网信软件有限公司© 版权所有